000 00244nam a22001217a 4500
040 _cHS
082 _a658
100 _aDAVID I. CLELAND
245 _aProject management
260 _aNA
_bDAVID I. CLELAND
_c1995
300 _a478p;
942 _cEK
999 _c9707
_d9707